000 01957nam0a2200361 4500
001 RU\NLR\bibl\1422879
005 20250615215141.0
010 _a978-5-86607-366-5
_9100
021 _aRU
_b2009-62403
_93847
035 _a(NLR Aleph) 001414816
090 _a1305338
_c1305338
100 _a20091012d2009 |||y0rusy50 ca
101 0 _arus
102 _aRU
105 _ay |||||||||
200 1 _aПозитивизм в американской прозе конца XIX - начала XX веков
_eмонография
_fЕ.А. Морозкина, Н.Э. Кутеева, Н.Р. Шакирова
_gфедер. агентство по образованию, Гос. образоват. учреждение высш. проф. образования "Бир. гос. социал.-пед. акад.", Пробл. лаб. Акад. наук Респ. Башкортостан при Бир. гос. социал.-пед. акад.
210 _aБирск
_cБирская государственная социально-педагогическая академия
_d2009
215 _a146 с.
_d21
225 1 _aЯзык и литература в поликультурном пространстве
320 _aБиблиогр.: с. 139-145
606 1 _aПозитивизм
_xв литературе
_yСоединенные Штаты Америки
_92601085
_3RU\NLR\AUTH\661537643
606 1 _aПроза американская
_z19 - 20 вв.
_92082953
_3RU\NLR\auth\661258994
686 _aШ5(7США)53-334
686 _aШ5(7США)53-32
700 1 _aМорозкина
_bЕ. А.
_gЕвгения Александровна
_4070
701 1 _aКутеева
_bН. Э.
_gНеля Эдуардовна
_4070
701 1 _aШакирова
_bН. Р.
_gНаиля Рауфатовна
_4070
801 0 _aRU
_bNLR
_c20091012
_gRCR
801 1 _aRU
_bNLR
_c20091012
942 _cBOOK
980 _aNB